| 000 | 00338 a2200121 4500 | ||
|---|---|---|---|
| 001 | 154107 | ||
| 040 | _cEscola São Tomás de Aquino | ||
| 100 | _aMORAIS, Orlando Mendes | ||
| 240 | 1 | 0 |
_aDicionário de sinônimos e antônimos _lpor |
| 245 | 1 | 0 | _aDicionário de sinônimos e antônimos |
| 697 | _aDicionário de português | ||
| 942 | _cMATP | ||
| 999 |
_c154107 _d154107 |
||